ბათუმის შოთა რუსთაველის სახელმწიფო უნივერსიტეტის ბიბლიოთეკა

Избранные труды в двух томах. т.1 (ბიბ.ჩანაწერი № 45977)

000 -LEADER
fixed length control field 00586nam a2200205Ia 4500
001 - CONTROL NUMBER
control field 12806
003 - CONTROL NUMBER IDENTIFIER
control field GE_BSU
008 - FIXED-LENGTH DATA ELEMENTS--GENERAL INFORMATION
fixed length control field 181216s||||||||xx |||||||||||||| ||und||
040 ## - CATALOGING SOURCE
Transcribing agency GE_BSU
080 ## - UNIVERSAL DECIMAL CLASSIFICATION NUMBER
Universal Decimal Classification number 631.6
100 ## - MAIN ENTRY--PERSONAL NAME
Personal name Костяков,А.Н.
245 ## - TITLE STATEMENT
Title Избранные труды в двух томах. т.1
245 ## - TITLE STATEMENT
Statement of responsibility, etc. Ред.В.П.Орлова. Грачева В.С.
260 ## - PUBLICATION, DISTRIBUTION, ETC.
Place of publication, distribution, etc. Москва
260 ## - PUBLICATION, DISTRIBUTION, ETC.
Name of publisher, distributor, etc. Сельхозгиз
260 ## - PUBLICATION, DISTRIBUTION, ETC.
Date of publication, distribution, etc. 1961
300 ## - PHYSICAL DESCRIPTION
Extent 808стр.илл.27см.
653 ## - INDEX TERM--UNCONTROLLED
Uncontrolled term Избранные труды в двух томах
942 ## - ADDED ENTRY ELEMENTS (KOHA)
Koha item type წიგნი
ეგზემპლარები
Withdrawn status Lost status Damaged status Not for loan Date acquired Barcode Date last seen Price effective from Koha item type
        2018-12-17 21012 2018-12-17 2018-12-17 წიგნი